000
00286nam a22001337a 4500
008
180802b xxu||||| |||| 00| 0 eng d
082
_a
813.52
245
_a
College Algebra
_c
Stewart
260
_c
2004
300
_a
1
_f
CD
440
_x
0534406068
760
_b
4th
942
_2
ddc
_c
MX
999
_c
46721
_d
46721